000 00483cam a22001934a 4500
005 20250605164152.0
008 250528s ||||||||||||||||||||||||d
035 _a19431
020 _a9602091614
040 _aGR-AtMCL
_bgre
_dGR-AtMCL
_eAACR2
245 1 _aΕΙΣΑΓΩΓΗ ΣΤΗΝ ΠΛΗΡΟΦΟΡΙΚΗ
250 _a1
260 _bΚλειδάριθμος,
_c1991
300 _a398
700 1 _aRechenberg Peter
_9843
942 _cBK
999 _c4687
_d4687